000 00344nam a22001217a 4500
999 _c9899
_d9899
003 OSt
008 201203b ||||| |||| 00| 0 eng d
245 _aIIMB Management Review
250 _a2018(Mar Vol.30 No.1, Jun Vol.30 No.2, Sep Vol.30 No.3, Dec Vol.30 No.4)
260 _bIIMB
_aBangalore,Karnataka
650 _aManagement
942 _2ddc
_cBV